Normal view
MARC view
- Anderson, Poul,
Entry Personal Name
001 - CONTROL NUMBER
- control field: 9955
003 - CONTROL NUMBER IDENTIFIER
- control field: NUST
005 - DATE AND TIME OF LATEST TRANSACTION
- control field: 20180126105246.0
008 - FIXED-LENGTH DATA ELEMENTS
- fixed length control field: 180126|| aca||aabn | a|a d
040 ## - CATALOGING SOURCE
- Original cataloging agency: NUST
- Transcribing agency: NUST
100 ## - HEADING--PERSONAL NAME
- Personal name: Anderson, Poul,
- Dates associated with a name: 1926-2001.
670 ## - SOURCE DATA FOUND
- Source citation: Work cat.: (NUST)0: Anderson, Poul, 1926-2001., The boat of a million years /, 1989.
